| 000 | 00628nam a22002177a 4500 | ||
|---|---|---|---|
| 003 | DO-SdBNP | ||
| 005 | 20180131115621.0 | ||
| 008 | 151019b sp 1966 |||| 00| 0 spa d | ||
| 040 |
_aBPMSU _bspa _cBPMSU |
||
| 082 | 4 |
_axxxxxxx _bxxxxxxx |
|
| 100 | 1 | _aBlyton, Enid | |
| 245 | 1 | 4 |
_aLos niños de prados verdes / _cEnid Blyton ; traducción M. L. Pol de Ramírez |
| 260 |
_aBarcelona, España : _bMolino, _c1966. |
||
| 300 |
_a185 p. : _bil., _c20 cm. |
||
| 490 | 1 |
_aAventura _v67 |
|
| 700 | 1 |
_aPol Ramírez, M. L. de, _ntr. |
|
| 830 | 0 |
_aAventura _n67 |
|
| 942 |
_2ddc _cBK |
||
| 945 | _aInventariado, 2018 / BT | ||
| 956 | _aBTAVAREZ | ||
| 999 |
_c8395 _d8395 |
||